[Event "WTCC-50 2018"]
[Site "Radebeul"]
[Date "2018.07.12"]
[Round "6"]
[White "Strutinskaia, Galina"]
[Black "Nake, Matthias"]
[Result "0-1"]
[WhiteElo "2221"]
[BlackElo "2182"]
[Annotator "NA"]
[PlyCount "68"]
[EventDate "2018.07.07"]
[EventType "team-tourn"]
[EventCountry "GER"]
[SourceTitle "playchess.com"]
[Source "ChessBase"]
[SourceQuality "1"]
[TimeControl "40/5400+30:1800+30"]

1. d4 {[%emt 0:01:21]} Nf6 {[%emt 0:00:00]} 2. Bf4 {[%emt 0:01:06]} e6 {[%emt 0:00:20]} 3. e3 {[%emt 0:00:41]} d5 {[%emt 0:00:36]} 4. Nd2 {[%emt 0:02:36]} c5 {[%emt 0:01:55]} 5. c3 {[%emt 0:00:19]} Nc6 {[%emt 0:00:40]} 6. Bd3 {[%emt 0:00:52]} Bd6 {[%emt 0:02:11]} 7. Bg3 {[%emt 0:00:43]} e5 {[%emt 0:04:21]} 8. dxc5 {[%emt 0:04:19]} Bxc5 {[%emt 0:00:20]} 9. b4 {[%emt 0:00:19]} Bd6 {[%emt 0:01:17]} 10. b5 {[%emt 0:02:03]} Ne7 {[%emt 0:01:27]} 11. Ne2 {[%emt 0:03:52]} O-O {[%emt 0:00:59]} 12. Qb1 {[%emt 0:02:35]} Be6 {[%emt 0:02:27]} 13. a4 {[%emt 0:02:06]} Rc8 {[%emt 0:01:21]} 14. O-O {[%emt 0:02:52]} Qd7 {[%emt 0:05:59]} 15. Rd1 {[%emt 0:05:48]} Nf5 {[%emt 0:13:26]} 16. e4 {[%emt 0:01:41]} Nxg3 {[%emt 0:03:11]} 17. Nxg3 {[%emt 0:01:11]} Qe7 {[%emt 0:09:41]} 18. exd5 {[%emt 0:10:26]} Nxd5 {[%emt 0:00:36]} 19. Nde4 {[%emt 0:00:53]} Bb8 {[%emt 0:04:43]} 20. c4 {[%emt 0:05:57]} Nf4 {[%emt 0:04:03]} 21. c5 {[%emt 0:00:30]} Nxd3 {[%emt 0:13:08]} 22. Qxd3 {[%emt 0:00:46]} f5 {[%emt 0:02:57]} 23. Nd6 {[%emt 0:00:33]} Rxc5 {[%emt 0:00:52]} 24. Ndxf5 {[%emt 0:05:42]} Qf6 {[%emt 0:03:54]} 25. Qe3 {[%emt 0:00:26]} Rc2 {[%emt 0:01:12]} 26. Nd6 {[%emt 0:04:49]} Qxf2+ {[%emt 0:01:56]} 27. Qxf2 {[%emt 0:00:08]} Rfxf2 {[%emt 0:00:11]} 28. Nf1 {[%emt 0:03:52]} Rxg2+ {[%emt 0:02:15]} 29. Kh1 {[%emt 0:00:01]} Bg4 {[%emt 0:01:59]} 30. Ne3 {[%emt 0:00:55]} Rxh2+ {[%emt 0:01:58]} 31. Kg1 {[%emt 0:00:02]} Bxd1 {[%emt 0:01:16]} 32. Nxc2 {[%emt 0:05:01]} Rxc2 {[%emt 0:00:09]} 33. Rxd1 {[%emt 0:00:08]} Bxd6 {[%emt 0:00:09]} 34. Rxd6 {[%emt 0:00:03]} Ra2 {[%emt 0:00:12]} 0-1

[Event "WTCC-50 2018"]
[Site "Radebeul"]
[Date "2018.07.12"]
[Round "6"]
[White "Schultz, Andreas"]
[Black "Berndt, Matthias"]
[Result "1-0"]
[WhiteElo "2211"]
[BlackElo "2077"]
[Annotator "NA"]
[PlyCount "51"]
[EventDate "2018.07.07"]
[EventType "team-tourn"]
[EventCountry "GER"]
[SourceTitle "playchess.com"]
[Source "ChessBase"]
[SourceQuality "1"]
[TimeControl "40/5400+30:1800+30"]

1. d4 {[%emt 0:00:00]} d5 {[%emt 0:00:00]} 2. c4 {[%emt 0:00:00]} dxc4 {[%emt 0:00:00]} 3. Nf3 {[%emt 0:00:00]} Nf6 {[%emt 0:00:32]} 4. e3 {[%emt 0:00:03]} e6 {[%emt 0:00:08]} 5. Bxc4 {[%emt 0:00:08]} c5 {[%emt 0:00:29]} 6. O-O {[%emt 0:00:13]} Nc6 {[%emt 0:00:23]} 7. Qe2 {[%emt 0:00:28]} a6 {[%emt 0:00:48]} 8. Rd1 {[%emt 0:00:14]} Qc7 {[%emt 0:00:37]} 9. a3 {[%emt 0:04:34]} Be7 {[%emt 0:02:21]} 10. dxc5 {[%emt 0:00:26]} Bxc5 {[%emt 0:00:07]} 11. b4 {[%emt 0:00:08]} Ba7 {[%emt 0:02:24]} 12. Bb2 {[%emt 0:01:28]} O-O {[%emt 0:01:54]} 13. Nc3 {[%emt 0:04:41]} b5 {[%emt 0:08:29]} 14. Bd3 {[%emt 0:05:40]} Bb7 {[%emt 0:02:02]} 15. Rac1 {[%emt 0:07:59]} Rac8 {[%emt 0:05:35]} 16. Ne4 {[%emt 0:05:42]} Nxe4 {[%emt 0:08:34]} 17. Bxe4 {[%emt 0:00:13]} Qe7 {[%emt 0:00:11]} 18. Bb1 {[%emt 0:09:08]} Rfd8 {[%emt 0:15:19]} 19. Rxd8+ {[%emt 0:13:39]} Qxd8 {[%emt 0:01:22]} 20. h4 {[%emt 0:01:46]} Nb8 {[%emt 0:10:21]} 21. Rxc8 {[%emt 0:22:50]} Qxc8 {[%emt 0:11:53]} 22. Ng5 {[%emt 0:00:58]} h6 {[%emt 0:03:34]} 23. Ne4 {[%emt 0:02:36]} Bc6 {[%emt 0:09:41]} 24. Qg4 {[%emt 0:05:08]} Qf8 {[%emt 0:00:13]} 25. Nf6+ {[%emt 0:01:04]} Kh8 {[%emt 0:00:01]} 26. Nh5 {[%emt 0:00:12]} 1-0

[Event "WTCC-50 2018"]
[Site "Radebeul"]
[Date "2018.07.12"]
[Round "6"]
[White "Pieper, Thomas"]
[Black "Plotkin, Victor"]
[Result "0-1"]
[WhiteElo "2208"]
[BlackElo "2248"]
[Annotator "NA"]
[PlyCount "88"]
[EventDate "2018.07.07"]
[EventType "team-tourn"]
[EventCountry "GER"]
[SourceTitle "playchess.com"]
[Source "ChessBase"]
[SourceQuality "1"]
[TimeControl "40/5400+30:1800+30"]

1. e4 {[%emt 0:00:00]} e5 {[%emt 0:00:00]} 2. Bc4 {[%emt 0:00:00]} Nc6 {[%emt 0:00:44]} 3. Nf3 {[%emt 0:00:13]} d6 {[%emt 0:00:55]} 4. d4 {[%emt 0:02:33]} Be7 {[%emt 0:03:44]} 5. d5 {[%emt 0:10:51]} Nb8 {[%emt 0:01:52]} 6. Bd3 {[%emt 0:00:05]} Nf6 {[%emt 0:01:29]} 7. c4 {[%emt 0:00:15]} Nbd7 {[%emt 0:03:15]} 8. Nc3 {[%emt 0:01:58]} O-O {[%emt 0:02:43]} 9. O-O {[%emt 0:02:44]} Nh5 {[%emt 0:03:55]} 10. Bc2 {[%emt 0:04:07]} g6 {[%emt 0:01:56]} 11. Rb1 {[%emt 0:13:05]} a5 {[%emt 0:05:25]} 12. a3 {[%emt 0:01:05]} Ng7 {[%emt 0:01:27]} 13. b4 {[%emt 0:05:15]} b6 {[%emt 0:02:25]} 14. Ba4 {[%emt 0:14:28]} axb4 {[%emt 0:02:48]} 15. axb4 {[%emt 0:00:46]} f5 {[%emt 0:01:10]} 16. Bc6 {[%emt 0:01:31]} Rb8 {[%emt 0:03:35]} 17. Qc2 {[%emt 0:04:39]} Nf6 {[%emt 0:01:21]} 18. Ng5 {[%emt 0:07:54]} f4 {[%emt 0:04:01]} 19. Nf3 {[%emt 0:03:06]} h6 {[%emt 0:02:06]} 20. Nd2 {[%emt 0:01:14]} g5 {[%emt 0:02:58]} 21. Nb5 {[%emt 0:01:59]} g4 {[%emt 0:02:24]} 22. Rb3 {[%emt 0:00:24]} h5 {[%emt 0:05:18]} 23. Ra3 {[%emt 0:02:52]} h4 {[%emt 0:02:29]} 24. Bb2 {[%emt 0:01:10]} f3 {[%emt 0:05:23]} 25. gxf3 {[%emt 0:04:04]} Nfh5 {[%emt 0:02:24]} 26. fxg4 {[%emt 0:04:14]} Bxg4 {[%emt 0:00:40]} 27. f3 {[%emt 0:00:23]} Bh3 {[%emt 0:00:31]} 28. Rf2 {[%emt 0:01:50]} Bg5 {[%emt 0:02:13]} 29. Nf1 {[%emt 0:04:29]} Bf4 {[%emt 0:00:41]} 30. Kh1 {[%emt 0:01:46]} Qg5 {[%emt 0:03:07]} 31. Nxc7 {[%emt 0:02:08]} Rf6 {[%emt 0:00:56]} 32. Rg2 {[%emt 0:00:38]} Bxg2+ {[%emt 0:00:34]} 33. Qxg2 {[%emt 0:00:02]} Qxg2+ {[%emt 0:03:31]} 34. Kxg2 {[%emt 0:00:02]} Rg6+ {[%emt 0:00:12]} 35. Kh1 {[%emt 0:03:38]} h3 {[%emt 0:00:31]} 36. Bd7 {[%emt 0:00:48]} Rg2 {[%emt 0:01:44]} 37. Ba1 {[%emt 0:01:20]} Rc2 {[%emt 0:04:33]} 38. Bxh3 {[%emt 0:00:40]} Kf7 {[%emt 0:03:39]} 39. Bc3 {[%emt 0:00:24]} Rh8 {[%emt 0:00:32]} 40. Kg1 {[%emt 0:00:31]} Bc1 {[%emt 0:02:19]} 41. Ra7 {[%emt 0:05:58]} Kf6 {[%emt 0:04:23]} 42. Be1 {[%emt 0:02:40]} Nf4 {[%emt 0:00:32]} 43. Bg4 {[%emt 0:01:29]} Rg2+ {[%emt 0:02:26]} 44. Kh1 {[%emt 0:00:08]} Be3 {[%emt 0:00:41]} 0-1

[Event "WTCC-50 2018"]
[Site "Radebeul"]
[Date "2018.07.12"]
[Round "6"]
[White "Polster, Wolfgang"]
[Black "Koehler, Gerhard"]
[Result "1/2-1/2"]
[WhiteElo "2203"]
[BlackElo "2181"]
[Annotator "NA"]
[PlyCount "40"]
[EventDate "2018.07.07"]
[EventType "team-tourn"]
[EventCountry "GER"]
[SourceTitle "playchess.com"]
[Source "ChessBase"]
[SourceQuality "1"]
[TimeControl "40/5400+30:1800+30"]

1. e4 {[%emt 0:00:00]} c5 {[%emt 0:00:00]} 2. Nc3 {[%emt 0:00:00]} e6 {[%emt 0:00:00]} 3. Nf3 {[%emt 0:01:29]} Nc6 {[%emt 0:00:48]} 4. Bb5 {[%emt 0:00:59]} Nge7 {[%emt 0:00:52]} 5. d4 {[%emt 0:04:30]} cxd4 {[%emt 0:01:01]} 6. Nxd4 {[%emt 0:00:08]} Qc7 {[%emt 0:02:08]} 7. O-O {[%emt 0:01:40]} a6 {[%emt 0:00:18]} 8. Re1 {[%emt 0:08:28]} Nxd4 {[%emt 0:17:09]} 9. Qxd4 {[%emt 0:00:37]} Nc6 {[%emt 0:02:08]} 10. Bxc6 {[%emt 0:01:56]} dxc6 {[%emt 0:02:56]} 11. e5 {[%emt 0:03:47]} c5 {[%emt 0:05:42]} 12. Qf4 {[%emt 0:04:16]} Bd7 {[%emt 0:12:09]} 13. Ne4 {[%emt 0:10:48]} Bc6 {[%emt 0:02:31]} 14. Rd1 {[%emt 0:03:32]} Bxe4 {[%emt 0:13:20]} 15. Qxe4 {[%emt 0:00:25]} Be7 {[%emt 0:01:19]} 16. Bf4 {[%emt 0:03:00]} O-O {[%emt 0:03:23]} 17. Rd3 {[%emt 0:01:11]} Rfd8 {[%emt 0:00:10]} 18. Rad1 {[%emt 0:14:47]} Rxd3 {[%emt 0:01:59]} 19. Rxd3 {[%emt 0:00:25]} Rd8 {[%emt 0:00:59]} 20. Kf1 {[%emt 0:09:34]} Rxd3 {[%emt 0:04:13]} 1/2-1/2

[Event "WTCC-50 2018"]
[Site "Radebeul"]
[Date "2018.07.12"]
[Round "6"]
[White "Taggatz, Mario"]
[Black "Mueller, Gerhard"]
[Result "1-0"]
[WhiteElo "2191"]
[BlackElo "2132"]
[Annotator "NA"]
[PlyCount "45"]
[EventDate "2018.07.07"]
[EventType "team-tourn"]
[EventCountry "GER"]
[SourceTitle "playchess.com"]
[Source "ChessBase"]
[SourceQuality "1"]
[TimeControl "40/5400+30:1800+30"]

1. d4 {[%emt 0:00:00]} d5 {[%emt 0:00:00]} 2. Nf3 {[%emt 0:00:00]} Nf6 {[%emt 0:00:04]} 3. Bf4 {[%emt 0:00:00]} c5 {[%emt 0:00:15]} 4. e3 {[%emt 0:00:00]} Nc6 {[%emt 0:00:16]} 5. Nbd2 {[%emt 0:00:07]} Bf5 {[%emt 0:00:27]} 6. dxc5 {[%emt 0:00:11]} e6 {[%emt 0:01:40]} 7. Nd4 {[%emt 0:01:53]} Bg6 {[%emt 0:01:42]} 8. Bb5 {[%emt 0:05:00]} Rc8 {[%emt 0:00:14]} 9. Nxc6 {[%emt 0:00:42]} bxc6 {[%emt 0:00:20]} 10. Ba6 {[%emt 0:00:09]} Bxc5 {[%emt 0:00:30]} 11. Bxc8 {[%emt 0:01:56]} Qxc8 {[%emt 0:00:03]} 12. O-O {[%emt 0:04:45]} O-O {[%emt 0:00:41]} 13. Nb3 {[%emt 0:08:03]} Be7 {[%emt 0:00:49]} 14. Bg5 {[%emt 0:01:07]} h6 {[%emt 0:01:00]} 15. Bh4 {[%emt 0:00:08]} Bh5 {[%emt 0:18:07]} 16. f3 {[%emt 0:10:47]} e5 {[%emt 0:02:43]} 17. c4 {[%emt 0:06:16]} g5 {[%emt 0:17:40]} 18. Bg3 {[%emt 0:01:29]} Qe6 {[%emt 0:06:00]} 19. cxd5 {[%emt 0:00:52]} Nxd5 {[%emt 0:03:53]} 20. Qe1 {[%emt 0:04:24]} f5 {[%emt 0:05:00]} 21. e4 {[%emt 0:05:57]} Nb4 {[%emt 0:02:46]} 22. exf5 {[%emt 0:04:23]} Rxf5 {[%emt 0:00:29]} 23. Nd4 1-0

[Event "WTCC-50 2018"]
[Site "Radebeul"]
[Date "2018.07.12"]
[Round "6"]
[White "Gempe, Thomas"]
[Black "Haentsch, Ralf"]
[Result "1/2-1/2"]
[WhiteElo "2178"]
[BlackElo "2085"]
[Annotator "NA"]
[PlyCount "101"]
[EventDate "2018.07.07"]
[EventType "team-tourn"]
[EventCountry "GER"]
[SourceTitle "playchess.com"]
[Source "ChessBase"]
[SourceQuality "1"]
[TimeControl "40/5400+30:1800+30"]

1. d4 {[%emt 0:00:00]} Nf6 {[%emt 0:00:00]} 2. c4 {[%emt 0:00:00]} e6 {[%emt 0:00:00]} 3. Nc3 {[%emt 0:03:48]} Bb4 {[%emt 0:01:30]} 4. Qc2 {[%emt 0:02:43]} O-O {[%emt 0:01:42]} 5. a3 {[%emt 0:02:12]} Bxc3+ {[%emt 0:01:54]} 6. Qxc3 {[%emt 0:00:09]} Ne4 {[%emt 0:01:49]} 7. Qc2 {[%emt 0:00:42]} f5 {[%emt 0:00:20]} 8. Nh3 {[%emt 0:05:47]} d6 {[%emt 0:06:29] E32: Nimzo-Indian: Classical (4 Qc2): 4...0-0} (8... b6 9. f3 Nf6 10. e3 Bb7 11. Be2 d6 12. O-O Qe7 13. b4 a5 14. Bb2 Nbd7 15. Nf2 axb4 16. axb4 c5 17. dxc5 dxc5 18. b5 Rfd8 {0-1 (60) Carlsen,M (2801)-Nakamura,H (2715) Oslo 2009}) 9. e3 {[%emt 0:03:30]} e5 {[%emt 0:11:00]} 10. dxe5 {[%emt 0:03:25]} dxe5 {[%emt 0:01:09]} 11. b4 {[%emt 0:02:28]} a5 {[%emt 0:11:38]} 12. f3 $146 {[%emt 0:03:43]} ({Predecessor:} 12. Bb2 axb4 13. axb4 Rxa1+ {½-½ (13) Krysztofiak,M (2414)-Adamski,J (2354) Warsaw 2007}) 12... Nf6 {[%emt 0:03:00]} 13. Bb2 {[%emt 0:04:52]} axb4 {[%emt 0:06:53]} 14. axb4 {[%emt 0:00:30]} Rxa1+ {[%emt 0:00:42]} 15. Bxa1 {[%emt 0:00:07]} Qe7 {[%emt 0:02:24]} 16. c5 {[%emt 0:02:51]} b6 {[%emt 0:07:01]} 17. Nf2 {[%emt 0:06:13]} bxc5 {[%emt 0:04:47]} 18. Qxc5 {[%emt 0:07:50]} Qxc5 {[%emt 0:01:34]} 19. bxc5 {[%emt 0:00:07]} Re8 {[%emt 0:06:38]} 20. Bb5 {[%emt 0:01:48]} Bd7 {[%emt 0:07:11]} 21. Bc4+ {[%emt 0:02:20]} Be6 {[%emt 0:03:07]} 22. Bb5 {[%emt 0:03:47]} Bd7 {[%emt 0:00:16]} 23. Bc4+ {[%emt 0:01:34]} Be6 {[%emt 0:00:07]} 24. Bd3 {[%emt 0:05:48]} Bc8 {[%emt 0:02:43]} 25. Kd2 {[%emt 0:06:34]} g6 {[%emt 0:11:46]} 26. Rc1 {[%emt 0:05:03]} Bb7 {[%emt 0:00:51]} 27. Bc4+ {[%emt 0:03:27]} Kf8 {[%emt 0:02:05]} 28. Bb2 {[%emt 0:01:58]} Bc6 {[%emt 0:00:21]} 29. Ra1 {[%emt 0:01:39]} Nbd7 {[%emt 0:01:26]} 30. Ra6 {[%emt 0:03:54]} Bd5 {[%emt 0:00:24]} 31. Be2 {[%emt 0:02:11]} Kf7 {[%emt 0:01:32]} 32. Ra7 {[%emt 0:03:55]} c6 {[%emt 0:01:29]} 33. Nd3 {[%emt 0:05:23]} Kf8 {[%emt 0:00:41]} 34. Rc7 {[%emt 0:01:23]} Kg8 {[%emt 0:01:54]} 35. Bc3 {[%emt 0:03:48]} Kf8 {[%emt 0:00:25]} 36. Nb4 {[%emt 0:00:32]} Nxc5 {[%emt 0:00:23]} 37. Nxc6 {[%emt 0:00:27]} Ncd7 {[%emt 0:00:30]} 38. Nb4 {[%emt 0:00:39]} Bf7 {[%emt 0:00:35]} 39. Bb5 {[%emt 0:00:13]} Rd8 {[%emt 0:00:24]} 40. Nc6 {[%emt 0:00:34]} Re8 {[%emt 0:00:47]} 41. Na5 {[%emt 0:12:13]} Be6 {[%emt 0:16:15]} 42. Bc6 {[%emt 0:04:50]} Rd8 {[%emt 0:02:36]} 43. Bb4+ {[%emt 0:06:57]} Kg8 $1 {[%emt 0:02:12]} 44. Be7 {[%emt 0:01:36]} Rb8 {[%emt 0:01:03]} 45. Kc3 {[%emt 0:02:06]} Rb1 $11 {[%emt 0:02:22]} 46. Bxf6 {[%emt 0:02:21]} Nxf6 {[%emt 0:00:08]} 47. Re7 {[%emt 0:00:05]} Bd5 {[%emt 0:01:47]} 48. Ba4 {[%emt 0:04:40]} Bxf3 {[%emt 0:00:59]} 49. Bb3+ {[%emt 0:00:42]} Bd5 {[%emt 0:00:25]} 50. Rxe5 {[%emt 0:00:09]} Bxb3 {[%emt 0:01:19]} 51. Nxb3 {[%emt 0:00:05]} 1/2-1/2

[Event "WTCC-50 2018"]
[Site "Radebeul"]
[Date "2018.07.12"]
[Round "6"]
[White "Sirotkina, Nina"]
[Black "Hutschenreiter, Joerg"]
[Result "1-0"]
[WhiteElo "2175"]
[BlackElo "2023"]
[Annotator "NA"]
[PlyCount "67"]
[EventDate "2018.07.07"]
[EventType "team-tourn"]
[EventCountry "GER"]
[SourceTitle "playchess.com"]
[Source "ChessBase"]
[SourceQuality "1"]
[TimeControl "40/5400+30:1800+30"]

1. d4 {[%emt 0:00:16]} Nf6 {[%emt 0:00:00]} 2. Nf3 {[%emt 0:00:32]} e6 {[%emt 0:00:00]} 3. Bf4 {[%emt 0:01:02]} d5 {[%emt 0:00:12]} 4. e3 {[%emt 0:00:35]} c5 {[%emt 0:00:17]} 5. c3 {[%emt 0:00:39]} Nc6 {[%emt 0:00:30]} 6. Nbd2 {[%emt 0:00:40]} Bd6 {[%emt 0:00:28]} 7. Bg3 {[%emt 0:01:04]} a6 {[%emt 0:02:30]} 8. Bd3 {[%emt 0:06:53]} c4 {[%emt 0:11:45]} 9. Bc2 {[%emt 0:01:32]} b5 {[%emt 0:00:05]} 10. e4 {[%emt 0:11:41]} dxe4 {[%emt 0:03:07]} 11. Nxe4 {[%emt 0:00:24]} Nxe4 {[%emt 0:03:45]} 12. Bxe4 {[%emt 0:00:07]} Bb7 {[%emt 0:00:03]} 13. Qe2 {[%emt 0:13:16]} O-O {[%emt 0:04:25]} 14. O-O {[%emt 0:07:33]} Bxg3 {[%emt 0:01:09]} 15. hxg3 {[%emt 0:00:52]} Re8 {[%emt 0:02:45]} 16. Ne5 {[%emt 0:13:04]} Qc7 {[%emt 0:02:01]} 17. f4 {[%emt 0:08:49]} f6 {[%emt 0:12:41]} 18. Nxc6 {[%emt 0:06:10]} Bxc6 {[%emt 0:00:08]} 19. Rfe1 {[%emt 0:01:51]} Rad8 {[%emt 0:13:24]} 20. Qf3 {[%emt 0:01:55]} Bxe4 {[%emt 0:02:52]} 21. Rxe4 {[%emt 0:01:09]} g6 {[%emt 0:06:56]} 22. Rae1 {[%emt 0:00:20]} Kf7 {[%emt 0:00:44]} 23. g4 {[%emt 0:01:58]} Qc6 {[%emt 0:07:44]} 24. f5 {[%emt 0:05:47]} Rd6 {[%emt 0:14:03]} 25. Qe3 {[%emt 0:03:56]} gxf5 {[%emt 0:02:42]} 26. gxf5 {[%emt 0:00:30]} Rg8 {[%emt 0:00:09]} 27. Re2 {[%emt 0:03:40]} e5 {[%emt 0:03:11]} 28. dxe5 {[%emt 0:01:49]} Rd1+ {[%emt 0:00:27]} 29. Kh2 {[%emt 0:00:57]} fxe5 {[%emt 0:00:12]} 30. Rxe5 {[%emt 0:00:37]} Qc7 {[%emt 0:04:52]} 31. g3 {[%emt 0:00:54]} Rd7 {[%emt 0:00:22]} 32. Qh6 {[%emt 0:01:09]} Rh8 {[%emt 0:01:47]} 33. Qe6+ {[%emt 0:01:14]} Kg7 {[%emt 0:00:31]} 34. f6+ {[%emt 0:00:54]} 1-0

[Event "WTCC-50 2018"]
[Site "Radebeul"]
[Date "2018.07.12"]
[Round "6"]
[White "Beilfuss, Wilfried"]
[Black "Grawe, Christian"]
[Result "1/2-1/2"]
[WhiteElo "2164"]
[BlackElo "2231"]
[Annotator "NA"]
[PlyCount "131"]
[EventDate "2018.07.07"]
[EventType "team-tourn"]
[EventCountry "GER"]
[SourceTitle "playchess.com"]
[Source "ChessBase"]
[SourceQuality "1"]
[TimeControl "40/5400+30:1800+30"]

1. g3 {[%emt 0:00:00]} e5 {[%emt 0:01:15]} 2. c4 {[%emt 0:00:00]} c6 {[%emt 0:00:26]} 3. d4 {[%emt 0:01:00]} e4 {[%emt 0:00:13] A20: English Opening: 1...e5} 4. Bg2 {[%emt 0:01:28]} d5 {[%emt 0:00:09]} 5. Nc3 {[%emt 0:06:13]} Nf6 {[%emt 0:03:24]} 6. Bg5 {[%emt 0:04:43]} Be6 {[%emt 0:06:45]} (6... Bb4 7. Qb3 Bxc3+ 8. Qxc3 O-O 9. f3 dxc4 10. Bxf6 Qxf6 11. fxe4 c5 12. e5 cxd4 13. exf6 dxc3 14. fxg7 {½-½ (40) McShane,L (2647)-Anand,V (2783) Germany 2018}) 7. cxd5 {[%emt 0:06:56]} cxd5 {[%emt 0:00:12]} 8. Bxf6 {[%emt 0:01:57]} Qxf6 {[%emt 0:16:05]} 9. e3 $146 {[%emt 0:08:07]} ({Predecessor:} 9. Qb3 Qe7 10. f3 Nc6 11. fxe4 Qb4 12. exd5 Qxb3 13. axb3 {1-0 (24) Pineiro,D (2205)-Denon,N (1738) Buenos Aires 2013}) 9... Nc6 {[%emt 0:02:06]} 10. Nge2 {[%emt 0:00:23]} Bd6 {[%emt 0:01:17]} 11. O-O {[%emt 0:06:57]} O-O {[%emt 0:01:53]} 12. f3 {[%emt 0:00:32]} Qh6 {[%emt 0:06:29]} 13. fxe4 {[%emt 0:12:19]} Qxe3+ {[%emt 0:08:34]} 14. Kh1 {[%emt 0:00:06]} Bg4 {[%emt 0:01:53]} 15. e5 {[%emt 0:14:41]} Bb4 {[%emt 0:10:52]} 16. Qc1 {[%emt 0:01:34]} Qd3 {[%emt 0:06:14]} 17. Rd1 {[%emt 0:01:07]} Qf5 {[%emt 0:00:35]} 18. Qe3 {[%emt 0:02:04]} Rad8 {[%emt 0:02:28]} 19. Rf1 {[%emt 0:03:34]} Qc2 {[%emt 0:01:48]} 20. Rab1 {[%emt 0:04:35]} Na5 {[%emt 0:18:12]} 21. Rfc1 {[%emt 0:04:52]} Nc4 {[%emt 0:01:55]} 22. Qf4 {[%emt 0:00:51]} Qg6 {[%emt 0:00:56]} 23. Qf2 {[%emt 0:06:18]} Bxe2 {[%emt 0:07:05]} 24. Qxe2 {[%emt 0:02:27]} Nb6 {[%emt 0:02:50]} 25. Nd1 {[%emt 0:03:11]} Rc8 {[%emt 0:00:15]} 26. Ne3 {[%emt 0:00:32]} Rfd8 {[%emt 0:00:44]} 27. a3 {[%emt 0:01:26]} Be7 {[%emt 0:00:26]} 28. Rf1 {[%emt 0:00:47]} Bg5 {[%emt 0:00:21]} 29. Nf5 {[%emt 0:00:42]} Rc7 {[%emt 0:02:07]} 30. h4 {[%emt 0:02:11]} Be7 {[%emt 0:00:12]} 31. Rbc1 {[%emt 0:00:57]} Rdd7 {[%emt 0:01:10]} 32. Qd3 {[%emt 0:00:55]} Bf8 {[%emt 0:00:32]} 33. Kh2 {[%emt 0:00:35]} h6 {[%emt 0:01:17]} 34. Bh3 {[%emt 0:00:21]} Rc4 {[%emt 0:00:44]} 35. Rxc4 {[%emt 0:01:21]} dxc4 {[%emt 0:00:30]} 36. Qf3 {[%emt 0:00:32]} Rc7 {[%emt 0:01:35]} 37. d5 {[%emt 0:00:13]} c3 {[%emt 0:00:22]} 38. bxc3 {[%emt 0:00:25]} Nc4 {[%emt 0:00:02]} 39. Qf4 {[%emt 0:01:23]} Rc5 {[%emt 0:00:35]} 40. Qd4 {[%emt 0:00:59]} Qb6 {[%emt 0:00:58]} 41. Re1 {[%emt 0:11:01]} Nxa3 {[%emt 0:12:49]} 42. Qd3 {[%emt 0:04:42]} Rxd5 {[%emt 0:01:04]} 43. Qxd5 {[%emt 0:01:14]} Qf2+ {[%emt 0:01:51]} 44. Bg2 {[%emt 0:00:12]} Qxe1 {[%emt 0:00:05]} 45. Nd6 {[%emt 0:00:13]} Qf2 {[%emt 0:00:59]} 46. e6 {[%emt 0:02:16]} Nc2 $1 {[%emt 0:03:37]} 47. exf7+ {[%emt 0:06:21]} ({White should play} 47. Nf5 $1 $14 fxe6 48. Qxe6+ Kh7 49. Kh3) 47... Kh8 {[%emt 0:00:07]} 48. Nf5 $2 {[%emt 0:03:40]} (48. Nxb7 $11 {and White stays safe.} Ne1 49. c4) 48... Ne1 {[%emt 0:00:43]} 49. Nd4 {[%emt 0:02:51]} Nxg2 {[%emt 0:05:16]} 50. Qxg2 {[%emt 0:00:02]} Qxf7 {[%emt 0:00:09]} 51. Qe4 {[%emt 0:00:23]} g6 {[%emt 0:04:24]} 52. Ne6 {[%emt 0:00:20]} Bg7 {[%emt 0:00:18]} 53. Nxg7 {[%emt 0:01:06]} Qxg7 {[%emt 0:00:26]} 54. c4 {[%emt 0:00:15] [#]} (54. h5 $11 {keeps the balance.}) 54... h5 $1 {[%emt 0:00:43]} 55. c5 {[%emt 0:00:18]} Kh7 {[%emt 0:02:06]} 56. Qa4 {[%emt 0:00:46]} a6 {[%emt 0:00:38]} 57. Qa5 {[%emt 0:00:20]} Qd7 {[%emt 0:00:25]} 58. Qb4 {[%emt 0:01:03]} Qc6 {[%emt 0:00:32]} 59. Qd4 {[%emt 0:00:22]} a5 {[%emt 0:00:40]} 60. Qd6 {[%emt 0:00:09]} Qf3 {[%emt 0:01:49]} 61. Qc7+ {[%emt 0:00:12]} Kh6 {[%emt 0:00:50]} 62. Qxa5 {[%emt 0:00:02]} Qf2+ {[%emt 0:00:39]} 63. Kh3 {[%emt 0:00:05]} Qg1 {[%emt 0:00:56]} 64. Qd2+ {[%emt 0:00:13]} Kg7 {[%emt 0:00:53]} 65. Qd7+ $11 {[%emt 0:00:01]} Kh6 {[%emt 0:00:22]} 66. Qd2+ {[%emt 0:00:05]} 1/2-1/2

[Event "WTCC-50 2018"]
[Site "Radebeul"]
[Date "2018.07.12"]
[Round "6"]
[White "Ernst, Michael"]
[Black "Teo, Kok Siong"]
[Result "1/2-1/2"]
[WhiteElo "2156"]
[BlackElo "2213"]
[Annotator "NA"]
[PlyCount "43"]
[EventDate "2018.07.07"]
[EventType "team-tourn"]
[EventCountry "GER"]
[SourceTitle "playchess.com"]
[Source "ChessBase"]
[SourceQuality "1"]
[TimeControl "40/5400+30:1800+30"]

1. d4 {[%emt 0:00:00]} Nf6 {[%emt 0:00:01]} 2. Bf4 {[%emt 0:00:00]} e6 {[%emt 0:02:44]} 3. e3 {[%emt 0:00:03]} d5 {[%emt 0:00:33]} 4. Nd2 {[%emt 0:00:37]} Bd6 {[%emt 0:01:23]} 5. Bg3 {[%emt 0:00:25]} O-O {[%emt 0:03:36]} 6. Ngf3 {[%emt 0:01:26]} b6 {[%emt 0:07:47]} 7. Bd3 {[%emt 0:01:46]} Bb7 {[%emt 0:00:19]} 8. O-O {[%emt 0:01:12]} Ne4 {[%emt 0:00:45]} 9. Bxd6 {[%emt 0:01:36]} Qxd6 {[%emt 0:01:17]} 10. c4 {[%emt 0:03:25]} Nd7 {[%emt 0:01:58]} 11. Qc2 {[%emt 0:01:56]} f5 {[%emt 0:01:07]} 12. a3 {[%emt 0:00:56]} c5 {[%emt 0:05:23]} 13. cxd5 {[%emt 0:03:01]} exd5 {[%emt 0:01:12]} 14. dxc5 {[%emt 0:01:05]} Ndxc5 {[%emt 0:02:10]} 15. b4 {[%emt 0:03:23]} Nxd3 {[%emt 0:12:51]} 16. Qxd3 {[%emt 0:00:52]} a5 {[%emt 0:04:08]} 17. Qb3 {[%emt 0:02:07]} Nxd2 {[%emt 0:06:58]} 18. Nxd2 {[%emt 0:00:06]} f4 {[%emt 0:05:02]} 19. Nf3 {[%emt 0:05:18]} fxe3 {[%emt 0:07:30]} 20. fxe3 {[%emt 0:03:01]} axb4 {[%emt 0:06:53]} 21. axb4 {[%emt 0:02:27]} Qe7 {[%emt 0:02:11]} 22. Rxa8 {[%emt 0:06:17]} 1/2-1/2